LEADER 01058nam0-22003251i-450- 001 990001006720403321 005 20070201132155.0 010 $a3-540-17211-4 035 $a000100672 035 $aFED01000100672 035 $a(Aleph)000100672FED01 035 $a000100672 100 $a20001205d1987----km-y0itay50------ba 101 0 $aeng 102 $aDE 200 1 $aStochastic partial differential equations and applications$eproceedings of a conference held in Trento, Italy, 1985$fedited by G. Da Prato and L. Tubaro 210 $aBerlin [etc.]$cSpringer-Verlag$d1987 215 $a257 p.$d24 cm 225 1 $aLecture notes in mathematics$v1236 610 0 $aEquazioni differenziali e integro$aDifferenziali 676 $a517.37 702 1$aDa Prato,$bGiuseppe$f<1936- > 702 1$aTubaro,$bLuciano 801 0$aIT$bUNINA$gRICA$2UNIMARC 901 $aBK 912 $a990001006720403321 952 $a15-169$b154 Dip. I$fFI1 959 $aFI1 996 $aStochastic partial differential equations and applications$980175 997 $aUNINA LEADER 00889nam0-22003011i-450- 001 990000080830403321 035 $a000008083 035 $aFED01000008083 035 $a(Aleph)000008083FED01 035 $a000008083 100 $a20011111d--------km-y0itay50------ba 101 0 $aita 105 $ay-------001yy 200 1 $aFreins continus pour chemins de fer$efrein ą vide automatique, sa comparaison avec les autres freins continus$fR.Bonnin. 210 $aParis$cImpremiere Chaix$d1888 215 $aVIII, 166 p., 6 tav.$cill.$d23 cm 610 0 $aTreni$aFreni 610 0 $aFreni 676 $a625.25 700 1$aBonnin,$bR.$0332580 801 0$aIT$bUNINA$gRICA$2UNIMARC 901 $aBK 912 $a990000080830403321 952 $a13 AR 21 C 41$b3882$fFINBC 959 $aFINBC 996 $aFreins continus pour chemins de fer$9110238 997 $aUNINA DB $aING01 LEADER 00891nam0-22003011i-450- 001 990003932850403321 005 20080213103615.0 010 $a88-87570-44-2 035 $a000393285 035 $aFED01000393285 035 $a(Aleph)000393285FED01 035 $a000393285 100 $a20030910d2002----km-y0itay50------ba 101 0 $aita 102 $aIT 200 1 $a<>cittą rimossa$eStrumenti e criteri per l'analisi e la riqualificazione dei margini urbani degradati$fRoberto de Rubertis 210 $aRoma$cOfficina edizioni$d2002 215 $a437 p. 610 0 $aDegrado urbano$aRiqualificazione 676 $a044.004 700 1$aDe Rubertis,$bRoberto$f<1937- >$0327536 801 0$aIT$bUNINA$gRICA$2UNIMARC 901 $aBK 912 $a990003932850403321 952 $a044.004.RUB$b4588$fDECGE 959 $aDECGE 996 $aCittą rimossa$9511766 997 $aUNINA